The Weeknd songs in the Spotify BILLIONS CLUB - Statistics

General Stats
  • This quiz has been taken 41 times
    5 since last reset
  • The average score is 21 of 29
Answer Stats
Song % Correct
After Hours
100%
Blinding Lights
100%
Can’t Feel My Face
100%
Die For You
100%
Die For You - Remix (w/ Ariana Grande)
100%
I Feel It Coming (w/ Daft Punk)
100%
In Your Eyes
100%
Moth to a Flame (Swedish House Mafia (w/ The Weeknd)
100%
One Of The Girls (w/ JENNIE & Lily-Rose Depp)
100%
Popular (w/ Playboi Carti & Madonna)
100%
Save Your Tears
100%
Save Your Tears (Remix) (w/ Ariana Grande)
100%
Starboy (w/ Daft Punk)
100%
The Hills
100%
Timeless (w/ Playboi Carti)
100%
Call Out My Name
67%
Earned It (Fifty Shades of Grey)
67%
Heartless
67%
Lost in the Fire (Gesaffelstein w/ The Weeknd)
67%
Love Me Harder (Ariana Grande w/ The Weeknd)
67%
Stargirl Interlude (w/ Lana Del Rey)
67%
Creepin’ (Metro Boomin w/ The Weeknd & 21 Savage)
33%
I Was Never There (w/ Gesaffelstein)
33%
Low Life (Future w/ The Weeknd)
33%
Often
33%
Or Nah (Ty Dolla $ign w/ The Weeknd, Wiz Khalifa & DJ Mustard)
33%
Pray for Me (w/ Kendrick Lamar)
33%
Reminder
33%
You Right (Doja Cat w/ The Weeknd)
0%
No matching quizzes found
Score Distribution
Percent of People with Each Score
Percentile by Number Answered
Your Score History
You have not taken this quiz since the last reset